| Tag |
First Indicator |
Second Indicator |
Subfields |
| LEADER |
00000cam a2200000 i 4500 |
| 001 |
in00000060240 |
| 005 |
20151008051615.0 |
| 008 |
780127s1976 sz a b i10110 eng |
| 010 |
|
|
|a 77380010
|
| 015 |
|
|
|a Sw***
|
| 035 |
|
|
|a (OCoLC)03649769
|
| 035 |
|
|
|9 AAG8935AM
|
| 040 |
|
|
|a DLC
|c DLC
|d TXA
|d UtOrBLW
|
| 049 |
|
|
|a TXAM
|c [1383218]
|
| 050 |
0 |
0 |
|a QL737.C27
|b I56 1974
|
| 082 |
0 |
|
|a 639/.97/974446
|
| 111 |
2 |
|
|a International Conference on Bear Research and Management
|n (3d :
|d 1974 :
|c Binghamton, N.Y. and Moscow, Russian S.F.S.R.)
|
| 245 |
1 |
0 |
|a Bears :
|b their biology and management : a selection of papers from the Third International Conference on Bear Research and Management, held at the 54th Annual Meeting of the American Society of Mammalogists, Binghamton, New York, USA and First International Theriological Congress, Moscow, USSR, June 1974 /
|c edited by Michael R. Pelton, Jack W. Lentfer, G. Edgar Folk.
|
| 264 |
|
1 |
|a Morges :
|b International Union for Conservation of Nature and Natural Resources,
|c 1976.
|
| 300 |
|
|
|a 467 pages :
|b illustrations ;
|c 24 cm.
|
| 336 |
|
|
|a text
|b txt
|2 rdacontent
|
| 337 |
|
|
|a unmediated
|b n
|2 rdamedia
|
| 338 |
|
|
|a volume
|b nc
|2 rdacarrier
|
| 490 |
1 |
|
|a IUCN publications ; new ser., no. 40
|
| 504 |
|
|
|a Includes bibliographies and index.
|
| 650 |
|
0 |
|a Bears
|x Congresses.
|
| 650 |
|
0 |
|a Wildlife management
|v Congresses.
|
| 700 |
1 |
|
|a Pelton, Michael R.
|
| 700 |
1 |
|
|a Lentfer, Jack W.
|
| 700 |
1 |
|
|a Folk, G. Edgar
|q (George Edgar),
|d 1914-
|
| 830 |
|
0 |
|a IUCN publications ;
|v new ser., no. 40.
|
| 999 |
|
|
|a MARS
|
| 999 |
f |
f |
|s 0d0769c0-47ef-32e1-8d81-abc879fb7375
|i e965babf-7a5f-34a0-87dc-b84152ec56e3
|t 0
|
| 952 |
f |
f |
|p ric
|a Texas A&M University
|b Rellis Campus
|c Joint Library Facility
|d Remote Storage
|t 0
|e QL737.C27 I56 1974
|h Library of Congress classification
|i unmediated -- volume
|m A14804971365
|
| 998 |
f |
f |
|a QL737.C27 I56 1974
|t 0
|l Remote Storage
|